European Football Clubs Cities - Statistics

General Stats
  • This quiz has been taken 585 times
  • The average score is 8 of 15
Answer Stats
Hint Answer % Correct
Everton Liverpool
98%
Milwall London
97%
Werder ___ Bremen
88%
Espanyol Barcelona
83%
Bayer ___ Leverkusen
80%
Aston Villa Birmingham
78%
Dinamo ____, Steaua ____, Rapid____ Bucharest
67%
Lech Poznan
45%
Levante Valencia
43%
CFR ___, ''U'' ____ Cluj-Napoca
38%
Stoke City Stoke-on-Trent
33%
Anorthosis Famagusta
16%
Ajax ____ Cape Town
10%
Liverpool F.C. Montevideo
7%
Arsenal Sarandi
6%
No matching quizzes found
Score Distribution
Percent of People with Each Score
Percentile by Number Answered
Your Score History
You have not taken this quiz